Concepción de un modelo de benchmarking para la gestión del desempeño aplicación en el servicio de restaurante de la Sucursal Extrahotelera Palmares S.A. de Santiago de Cuba /

שמור ב:
מידע ביבליוגרפי
מחבר ראשי: Silveira Pérez, Yahilina
מחבר תאגידי: e-libro, Corp
מחברים אחרים: Castellanos Pallerols, Graciela María (tut.)
פורמט: ספר אלקטרוני
שפה:ספרדית
יצא לאור: Santiago de Cuba : Universidad de Oriente de Santiago de Cuba, 2011.
נושאים:
גישה מקוונת:https://elibro.unach.elogim.com/es/lc/unach/titulos/87044
תגים: הוספת תג
אין תגיות, היה/י הראשונ/ה לתייג את הרשומה!

MARC

LEADER 00000nam a2200000 a 4500
001 ELB87044
003 FlNmELB
006 m o d |
007 cr cn|||||||||
008 201211r2011 cu |||||s|||||||||||spa d
035 |a (MiAaPQ)EBC3199850 
035 |a (Au-PeEL)EBL3199850 
035 |a (CaPaEBR)ebr10566120 
035 |a (OCoLC)929377750 
040 |a FlNmELB  |b spa  |c FlNmELB 
050 4 |a HD31  |b S587 2011 
080 |a 658 
082 0 4 |a 658  |2 22 
100 1 |a Silveira Pérez, Yahilina. 
245 1 0 |a Concepción de un modelo de benchmarking para la gestión del desempeño  |h [recurso electronico] :  |b aplicación en el servicio de restaurante de la Sucursal Extrahotelera Palmares S.A. de Santiago de Cuba /  |c Yahilina Silveira Pérez ; tutor: Graciela María Castellanos Pallerols. 
260 |a Santiago de Cuba :  |b Universidad de Oriente de Santiago de Cuba,  |c 2011. 
300 |a 119 p. 
533 |a Recurso electrónico. Santa Fe, Arg.: e-libro, 2015. Disponible vía World Wide Web. El acceso puede estar limitado para las bibliotecas afiliadas a e-libro. 
650 4 |a Administración. 
650 4 |a Administración de empresas. 
650 4 |a Management. 
650 4 |a Industrial management. 
655 4 |a Libros electrónicos. 
700 1 |a Castellanos Pallerols, Graciela María,   |e tut. 
710 2 |a e-libro, Corp. 
856 4 0 |u https://elibro.unach.elogim.com/es/lc/unach/titulos/87044